[Event "Rochefort op-B 16th"]
[Site "Rochefort"]
[Date "2017.02.18"]
[Round "6"]
[White "Moldovean, Ioana"]
[Black "Budak, Rezan"]
[Result "0-1"]
[WhiteElo "1708"]
[BlackElo "1791"]
[PlyCount "59"]
[EventDate "2017.02.18"]
[EventType "swiss"]
[EventRounds "9"]
[EventCountry "FRA"]
[SourceTitle "CBM 177 Extra"]
[Source "ChessBase"]
[SourceDate "2017.04.27"]
[SourceVersion "1"]
[SourceVersionDate "2017.04.27"]
[SourceQuality "1"]

1. Nf3 c5 2. b3 e6 3. c4 Nf6 4. Bb2 Nc6 5. e3 Be7 6. Be2 0-0 7. 0-0 Qc7 8. d4 d6 9. Nc3 a6 10. a3 Rd8 11. Qc2 cxd4 12. exd4 Rb8 13. Rac1 Bd7 14. Rfe1 Na7 15. b4 Bf8 16. Ne4 Be7 17. Nfg5 Nxe4 18. Nxe4 d5 19. Nc5 Bc6 20. cxd5 Bxd5 21. Bd3 h6 22. Qe2 Qf4 23. Qe3 Qg5 24. Ne4 Qh4 25. Bb1 Bxe4 26. Bxe4 Bg5 27. Qf3 Bxc1 28. Rxc1 Nb5 29. Qe3 Nd6 30. Qf3 0-1